[Event "Africa-ch U20 (open)"]
[Site "Entebbe UGA"]
[Date "2019.01.02"]
[Round "6.1"]
[White "Fawzy, Adham"]
[Black "Matovu, Abel"]
[Result "1-0"]
[WhiteElo "2436"]
[BlackElo "1960"]
[EventDate "2018.12.29"]
[PlyCount "95"]

1.e4 c5 2.Nf3 e6 3.d4 cxd4 4.Nxd4 Nf6 5.Nc3 d6 6.Bg5 Be7 7.Qd2 a6 8.f4 Qc7
9.O-O-O Nbd7 10.g4 b5 11.Bg2 Bb7 12.Rhe1 O-O 13.e5 dxe5 14.fxe5 Nd5 15.
Nxd5 Bxg5 16.Qxg5 Bxd5 17.Bxd5 exd5 18.Nf5 g6 19.Rxd5 Rac8 20.Ne7+ Kg7 21.
Nxc8 Rxc8 22.Qd2 Nb6 23.Rd4 Nc4 24.Qc3 Qe7 25.e6 b4 26.Qd3 Qh4 27.Rf1 Ne5 
28.Qg3 Qxg3 29.hxg3 fxe6 30.g5 Rc7 31.Rf6 Rc5 32.Rxe6 a5 33.Re7+ Nf7 34.
Rdd7 Rf5 35.g4 Rf2 36.Ra7 Kf8 37.Reb7 Rf4 38.Kd2 a4 39.a3 bxa3 40.bxa3 
Rf2+ 41.Ke3 Rf1 42.c4 Nd6 43.Ra8+ Ne8 44.Rxh7 Re1+ 45.Kf2 Re6 46.Rh8+ Kf7 
47.Ra7+ Re7 48.Rh7+ 1-0

[Event "Africa-ch U20 (open)"]
[Site "Entebbe UGA"]
[Date "2019.01.02"]
[Round "6.2"]
[White "Mlahleki, Vusimuzi"]
[Black "Igwubor, Kikosem"]
[Result "1-0"]
[WhiteElo "2055"]
[BlackElo "2108"]
[EventDate "2018.12.29"]
[PlyCount "61"]

1.e4 c5 2.Nc3 Nc6 3.g3 g6 4.Bg2 Bg7 5.d3 d6 6.Be3 Rb8 7.Qd2 b5 8.f4 b4 9.
Nd1 Qb6 10.Nf3 Nh6 11.h3 f5 12.O-O O-O 13.Kh2 Nf7 14.exf5 gxf5 15.Re1 Bf6 
16.Qf2 Kh8 17.a3 a5 18.axb4 axb4 19.Bc1 Qc7 20.Ne3 e6 21.Nc4 d5 22.Nce5 
Ncxe5 23.fxe5 Bg7 24.Be3 d4 25.Bf4 Bb7 26.Nd2 Bxg2 27.Qxg2 Bxe5 28.Rxe5 
Qxe5 29.Bxe5+ Nxe5 30.Ra7 Ng6 31.Qc6 1-0

[Event "Africa-ch U20 (open)"]
[Site "Entebbe UGA"]
[Date "2019.01.02"]
[Round "6.3"]
[White "Djabri, Massinas"]
[Black "Musasizi, Emmanuel"]
[Result "1-0"]
[WhiteElo "2063"]
[BlackElo "1918"]
[EventDate "2018.12.29"]
[PlyCount "88"]

1.d4 Nf6 2.c4 g6 3.Nc3 Bg7 4.e4 d6 5.Be2 O-O 6.Nf3 e5 7.dxe5 dxe5 8.Qxd8 
Rxd8 9.Bg5 Re8 10.O-O-O Na6 11.Rhe1 h6 12.Bh4 g5 13.Bg3 Nh5 14.Bxe5 Bxe5 
15.Nxe5 Nf4 16.Nd3 Nxe2+ 17.Rxe2 c6 18.f3 Be6 19.b3 Rac8 20.Kb2 Kg7 21.
Red2 Rcd8 22.Ne1 Rxd2+ 23.Rxd2 Re7 24.Ne2 Rd7 25.Rxd7 Bxd7 26.Kc3 Kf6 27.
Nd3 Nc7 28.Kd4 Ke7 29.g3 Ne6+ 30.Ke3 f6 31.f4 b6 32.Nd4 Ng7 33.c5 h5 34.b4
Kd8 35.h4 gxh4 36.gxh4 Kc7 37.f5 bxc5 38.bxc5 Bc8 39.Nf4 Bd7 40.Nfe6+ Nxe6
41.Nxe6+ Kc8 42.Ng7 Kd8 43.Nxh5 Ke7 44.Nf4 Bc8 1-0

[Event "Africa-ch U20 (open)"]
[Site "Entebbe UGA"]
[Date "2019.01.02"]
[Round "6.4"]
[White "Masiya, Mfundo"]
[Black "Kato, Richard"]
[Result "1-0"]
[WhiteElo "1952"]
[BlackElo "1903"]
[EventDate "2018.12.29"]
[PlyCount "47"]

1.e4 e5 2.Nf3 d6 3.d4 Nd7 4.Bc4 Be7 5.O-O Ngf6 6.Nc3 O-O 7.h3 a6 8.a4 exd4
9.Qxd4 Nb6 10.Bb3 Be6 11.Bxe6 fxe6 12.a5 e5 13.Qb4 Nbd7 14.Qxb7 Nc5 15.Qb4
h6 16.Qc4+ Kh7 17.b4 Ncd7 18.Be3 Qe8 19.b5 axb5 20.Nxb5 d5 21.exd5 Bd6 22.
Nxc7 Qc8 23.Bb6 g6 24.Qc6 1-0

[Event "Africa-ch U20 (open)"]
[Site "Entebbe UGA"]
[Date "2019.01.02"]
[Round "6.6"]
[White "Noreseb, Dudley"]
[Black "Mwangi, John Milton Kihara"]
[Result "1-0"]
[WhiteElo "1684"]
[BlackElo "1679"]
[EventDate "2018.12.29"]
[PlyCount "57"]

1.e4 c5 2.Nf3 Nc6 3.d4 cxd4 4.Nxd4 Nf6 5.Nc3 e5 6.Ndb5 d6 7.Na3 a6 8.Be3 
b5 9.Nd5 Nxd5 10.Qxd5 Qc7 11.Qd1 Be7 12.c4 b4 13.Nc2 O-O 14.Be2 f5 15.O-O 
f4 16.Qd5+ Kh8 17.Bd2 Bb7 18.Qd3 a5 19.b3 Nd8 20.a3 bxa3 21.Nxa3 Ne6 22.
Nb5 Qc6 23.f3 Nc5 24.Qc2 Qb6 25.Kh1 Bc6 26.Rfc1 Bxb5 27.cxb5 h6 28.Bc4 
Rfc8 29.Qd1 1-0

[Event "Africa-ch U20 (open)"]
[Site "Entebbe UGA"]
[Date "2019.01.02"]
[Round "6.7"]
[White "Bitarinsa, Arthur"]
[Black "Kanyike, Victor"]
[Result "1/2-1/2"]
[WhiteElo "1742"]
[BlackElo "1592"]
[EventDate "2018.12.29"]
[PlyCount "47"]

1.Nf3 d5 2.g3 g6 3.Bg2 Bg7 4.d4 Nf6 5.O-O O-O 6.Nbd2 c6 7.Re1 Nbd7 8.e4 
Re8 9.e5 Nh5 10.Nb3 Bf8 11.g4 Ng7 12.Ng5 h6 13.e6 Nxe6 14.Nxe6 fxe6 15.
Rxe6 Nf6 16.Re3 Bxg4 17.Qe1 b6 18.Rg3 Qd7 19.f3 Bf5 20.Bh1 e6 21.Rg2 Kf7 
22.Bf4 Nh5 23.Qe3 Nxf4 24.Qxf4 1/2-1/2

[Event "Africa-ch U20 (open)"]
[Site "Entebbe UGA"]
[Date "2019.01.02"]
[Round "6.8"]
[White "Abdullahi, Hassan Ali"]
[Black "Ssenkoole, Laurrice Talemwa"]
[Result "0-1"]
[WhiteElo "1492"]
[BlackElo "1538"]
[EventDate "2018.12.29"]
[PlyCount "69"]

1.e4 d6 2.Bc4 g6 3.Nf3 Bg7 4.c3 Nf6 5.d3 d5 6.exd5 a6 7.a4 Nbd7 8.O-O Nb6 
9.Bb3 Nbxd5 10.Ng5 h6 11.Ne4 Bf5 12.Nxf6+ Nxf6 13.Qf3 O-O 14.Bc2 b6 15.h3 
Qd7 16.Nd2 Rab8 17.Nc4 Rfd8 18.Ne5 Qd5 19.Nc6 Qxf3 20.gxf3 Bxh3 21.Re1 e6 
22.Nxb8 Rxb8 23.Bf4 Nd5 24.Bg3 Rc8 25.d4 c5 26.dxc5 bxc5 27.Kh2 Bf5 28.Rg1
Kh7 29.Bd6 Nb6 30.Ra2 Nc4 31.Be7 Be5+ 32.Kg2 Rg8 33.Kf1 Nd2+ 34.Ke2 Bxc2 
35.Kxd2 0-1

[Event "Africa-ch U20 (open)"]
[Site "Entebbe UGA"]
[Date "2019.01.03"]
[Round "7.1"]
[White "Igwubor, Kikosem"]
[Black "Fawzy, Adham"]
[Result "0-1"]
[WhiteElo "2108"]
[BlackElo "2436"]
[EventDate "2018.12.29"]
[PlyCount "84"]

1.e4 c5 2.Nc3 Nc6 3.g3 g6 4.Bg2 Bg7 5.d3 d6 6.Be3 e6 7.Qd2 h6 8.Nge2 Nge7 
9.O-O Nd4 10.Nd1 f5 11.Nc1 e5 12.c3 Ne6 13.f4 exf4 14.gxf4 d5 15.Qe2 O-O 
16.exd5 Nxd5 17.Qf3 Nf6 18.Nf2 Rb8 19.Nb3 b6 20.d4 Bb7 21.Qd1 Nd5 22.Qd2 
c4 23.Nc1 Re8 24.Nd1 Qe7 25.Bxd5 Bxd5 26.Ne2 Ba8 27.h3 Nc7 28.Ng3 Nd5 29.
Bf2 Qh4 30.Be1 Qxh3 31.Qh2 Nxf4 32.Qxh3 Nxh3+ 33.Kh2 Ng5 34.Bf2 f4 35.Nh1 
Re2 36.Rc1 Rf8 37.Rb1 Rf5 38.b3 Nf3+ 39.Kh3 Rh5+ 40.Kg4 Rg5+ 41.Kxf4 Bf8 
42.d5 Bxd5 0-1

[Event "Africa-ch U20 (open)"]
[Site "Entebbe UGA"]
[Date "2019.01.03"]
[Round "7.3"]
[White "Matovu, Abel"]
[Black "Djabri, Massinas"]
[Result "0-1"]
[WhiteElo "1960"]
[BlackElo "2063"]
[EventDate "2018.12.29"]
[PlyCount "86"]

1.e4 c5 2.Nf3 d6 3.d4 cxd4 4.Nxd4 Nf6 5.Bd3 a6 6.c4 Nc6 7.Nxc6 bxc6 8.Nc3 
g6 9.Qe2 Bg7 10.O-O O-O 11.f3 Be6 12.Be3 Nd7 13.f4 Nc5 14.Bxc5 dxc5 15.
Rad1 Bd4+ 16.Kh1 Rb8 17.f5 Bc8 18.Rd2 Qd6 19.Nd1 Qe5 20.b3 e6 21.Qf3 Bd7 
22.Re2 Rbe8 23.Nf2 Qg7 24.g4 g5 25.Nh3 e5 26.Ng1 f6 27.Qg3 Rd8 28.Nf3 Be8 
29.Bc2 Kf7 30.Kg2 Rh8 31.Rh1 h5 32.h4 hxg4 33.Qxg4 gxh4 34.Qxg7+ Kxg7 35.
Rxh4 Rxh4 36.Nxh4 Bh5 37.Rd2 Kh6 38.Rd3 Kg5 39.Ng6 Kh6 40.Rh3 Be3 41.Kg3 
Rd2 42.Bb1 Bg5 43.Rh2 Bf4+ 0-1

[Event "Africa-ch U20 (open)"]
[Site "Entebbe UGA"]
[Date "2019.01.03"]
[Round "7.4"]
[White "Musasizi, Emmanuel"]
[Black "Noreseb, Dudley"]
[Result "0-1"]
[WhiteElo "1918"]
[BlackElo "1684"]
[EventDate "2018.12.29"]
[PlyCount "67"]

1.e4 e6 2.d4 d5 3.exd5 exd5 4.Bd3 Bd6 5.Nf3 Ne7 6.O-O Bg4 7.Re1 h6 8.h3 
Be6 9.Nc3 c6 10.Ne5 Bxe5 11.dxe5 Nd7 12.Kh1 Nc5 13.Bf1 Bf5 14.b4 Ne6 15.f4
h5 16.Bd3 Bxd3 17.Qxd3 g6 18.Ne2 Nf5 19.Bd2 Kf8 20.Ng3 Nxg3+ 21.Qxg3 Ng7 
22.Qf2 Nf5 23.e6 fxe6 24.Rxe6 Kf7 25.Rae1 Qd7 26.c3 Rhe8 27.R6e5 b6 28.Be3
h4 29.Bd4 Rxe5 30.fxe5 Ke6 31.Qf4 Rf8 32.Qg5 Qg7 33.Qg4 Qh6 34.Kh2 0-1

[Event "Africa-ch U20 (open)"]
[Site "Entebbe UGA"]
[Date "2019.01.03"]
[Round "7.5"]
[White "Kato, Richard"]
[Black "Nyaga, James Kabui"]
[Result "1/2-1/2"]
[WhiteElo "1903"]
[BlackElo "1767"]
[EventDate "2018.12.29"]
[PlyCount "50"]

1.d4 Nf6 2.Bf4 c5 3.e3 Qb6 4.b3 cxd4 5.Qxd4 Qd8 6.Bd3 Nc6 7.Qb2 g6 8.Ne2 
Bg7 9.O-O O-O 10.c3 e5 11.Bg5 h6 12.Bxf6 Qxf6 13.e4 Ne7 14.c4 d6 15.Nec3 
h5 16.Nb5 a6 17.Nc7 Ra7 18.Nc3 Be6 19.f3 b6 20.N7d5 Bxd5 21.Nxd5 Nxd5 22.
cxd5 b5 23.Rac1 Bh6 24.Rc6 Be3+ 25.Kh1 b4 1/2-1/2

[Event "Africa-ch U20 (open)"]
[Site "Entebbe UGA"]
[Date "2019.01.03"]
[Round "7.6"]
[White "Kanyike, Victor"]
[Black "Abdullahi, Hassan Ali"]
[Result "0-1"]
[WhiteElo "1592"]
[BlackElo "1492"]
[EventDate "2018.12.29"]
[PlyCount "45"]

1.e4 e5 2.Nf3 d6 3.h3 Be7 4.d4 exd4 5.Qxd4 Nf6 6.Bd3 Nc6 7.Qe3 h6 8.Nc3 
Be6 9.a3 a6 10.Bd2 O-O 11.Qe2 Ne5 12.Nxe5 dxe5 13.Be3 c5 14.a4 b5 15.Qf3 
b4 16.Ne2 c4 17.Rd1 cxd3 18.Rxd3 Qc7 19.c3 bxc3 20.Nxc3 Bc4 21.Rd2 Rad8 
22.g4 Rxd2 23.Bxd2 0-1

[Event "Africa-ch U20 (open)"]
[Site "Entebbe UGA"]
[Date "2019.01.03"]
[Round "7.8"]
[White "Ssenkoole, Laurrice Talemwa"]
[Black "Mwangi, John Milton Kihara"]
[Result "0-1"]
[WhiteElo "1538"]
[BlackElo "1679"]
[EventDate "2018.12.29"]
[PlyCount "72"]

1.d4 Nf6 2.c4 e6 3.Nc3 d5 4.Nf3 Be7 5.e3 O-O 6.cxd5 exd5 7.Bd3 Bg4 8.h3 
Bh5 9.Bd2 c6 10.O-O Nbd7 11.Be2 Ne4 12.Nxe4 dxe4 13.Ne1 Bxe2 14.Qxe2 f5 
15.Nc2 Nf6 16.Bc3 Kh8 17.Rab1 Nd5 18.f3 Qd6 19.fxe4 fxe4 20.Rxf8+ Rxf8 21.
Rf1 Rxf1+ 22.Kxf1 Nxc3 23.bxc3 Qe6 24.Qg4 Qxg4 25.hxg4 Kg8 26.Na1 Kf7 27.
Nb3 Ke6 28.Nd2 b5 29.Nxe4 c5 30.Ke2 c4 31.Ng3 a5 32.Ne4 Kd5 33.Nd2 g5 34.
e4+ Ke6 35.Ke3 Ba3 36.d5+ Kd6 0-1

[Event "Africa-ch U20 (open)"]
[Site "Entebbe UGA"]
[Date "2019.01.04"]
[Round "8.1"]
[White "Fawzy, Adham"]
[Black "Noreseb, Dudley"]
[Result "1-0"]
[WhiteElo "2436"]
[BlackElo "1684"]
[EventDate "2018.12.29"]
[PlyCount "35"]

1.e4 e6 2.d4 d5 3.Nd2 Nf6 4.e5 Nfd7 5.Bd3 c5 6.c3 Nc6 7.Ne2 Be7 8.Nf3 cxd4
9.cxd4 O-O 10.h4 f6 11.Nf4 Bb4+ 12.Kf1 Re8 13.Ng5 Nf8 14.Qh5 f5 15.Qf7+ 
Kh8 16.h5 Qe7 17.Ng6+ Nxg6 18.hxg6 1-0

[Event "Africa-ch U20 (open)"]
[Site "Entebbe UGA"]
[Date "2019.01.04"]
[Round "8.2"]
[White "Djabri, Massinas"]
[Black "Masiya, Mfundo"]
[Result "1/2-1/2"]
[WhiteElo "2063"]
[BlackElo "1952"]
[EventDate "2018.12.29"]
[PlyCount "48"]

1.d4 Nf6 2.c4 g6 3.Nc3 d5 4.cxd5 Nxd5 5.e4 Nxc3 6.bxc3 Bg7 7.Bc4 c5 8.Ne2 
Nc6 9.Be3 O-O 10.O-O Qc7 11.Rc1 Rd8 12.Qd2 b6 13.Kh1 Qd7 14.Bb5 a6 15.Bxc6
Qxc6 16.d5 Qa4 17.c4 e6 18.Nf4 e5 19.Nd3 f5 20.Bh6 Bxh6 21.Qxh6 Re8 22.f4 
exf4 23.exf5 Bxf5 24.Nxf4 Qd7 1/2-1/2

[Event "Africa-ch U20 (open)"]
[Site "Entebbe UGA"]
[Date "2019.01.04"]
[Round "8.3"]
[White "Nyaga, James Kabui"]
[Black "Mlahleki, Vusimuzi"]
[Result "1/2-1/2"]
[WhiteElo "1767"]
[BlackElo "2055"]
[EventDate "2018.12.29"]
[PlyCount "62"]

1.e4 e5 2.Nf3 Nc6 3.Bb5 a6 4.Ba4 Nf6 5.Qe2 b5 6.Bb3 Be7 7.c3 O-O 8.O-O d6 
9.Rd1 Na5 10.Bc2 c5 11.d4 Qc7 12.a4 b4 13.cxb4 cxb4 14.b3 Bg4 15.Ra2 Rfc8 
16.d5 Nd7 17.Be3 Nc5 18.Nbd2 Qb7 19.h3 Bd7 20.Ne1 Be8 21.Rb2 Bd8 22.Nd3 
Nxd3 23.Bxd3 Bb6 24.Nc4 Nxc4 25.Bxc4 Bxe3 26.fxe3 Rc5 27.Rf1 a5 28.Rf3 Qc7
29.Ra2 Rb8 30.Ra1 Rc8 31.Kh2 Qe7 1/2-1/2

[Event "Africa-ch U20 (open)"]
[Site "Entebbe UGA"]
[Date "2019.01.04"]
[Round "8.4"]
[White "Igwubor, Kikosem"]
[Black "Matovu, Abel"]
[Result "1-0"]
[WhiteElo "2108"]
[BlackElo "1960"]
[EventDate "2018.12.29"]
[PlyCount "52"]

1.Nf3 Nf6 2.g3 g6 3.c4 Bg7 4.Bg2 O-O 5.O-O c5 6.Nc3 Nc6 7.d4 cxd4 8.Nxd4 
Nxd4 9.Qxd4 d6 10.Qd3 Rb8 11.Rd1 Nd7 12.b3 Nc5 13.Qd2 Bf5 14.Bb2 Qa5 15.
Nd5 Qd8 16.Bxg7 Kxg7 17.b4 Na6 18.Qd4+ Kg8 19.Qxa7 Be6 20.Qd4 Bxd5 21.cxd5
Qd7 22.Rdc1 Qa4 23.a3 Rfc8 24.Qb2 Nc7 25.Bh3 e6 26.e4 Qe8 1-0

[Event "Africa-ch U20 (open)"]
[Site "Entebbe UGA"]
[Date "2019.01.04"]
[Round "8.6"]
[White "Kato, Richard"]
[Black "Bitarinsa, Arthur"]
[Result "1-0"]
[WhiteElo "1903"]
[BlackElo "1742"]
[EventDate "2018.12.29"]
[PlyCount "101"]

1.e4 e5 2.Nf3 Nf6 3.Nxe5 d6 4.Nf3 Nxe4 5.d4 d5 6.Bd3 Be7 7.O-O Bg4 8.Bf4 
Nc6 9.c3 f5 10.Be2 g5 11.Bc1 Qd6 12.Ne1 Bxe2 13.Qxe2 g4 14.Nd3 O-O-O 15.
Bf4 Qg6 16.Ne5 Nxe5 17.Bxe5 Rhg8 18.Nd2 Bd6 19.Bxd6 Rxd6 20.Qe3 h5 21.Nxe4
dxe4 22.b3 Rf6 23.Qf4 Qh6 24.Qxh6 Rxh6 25.Rfe1 Re8 26.g3 Rf6 27.Re3 f4 28.
gxf4 Rxf4 29.Rae1 Kd7 30.Kg2 Rf3 31.c4 Rxe3 32.Rxe3 h4 33.h3 gxh3+ 34.Kxh3
Rf8 35.Kxh4 Rxf2 36.a4 Rf3 37.Rxf3 exf3 38.Kg3 f2 39.Kxf2 c5 40.d5 Kd6 41.
a5 b6 42.axb6 axb6 43.Kg3 Ke7 44.Kg4 Kd7 45.Kf5 Ke7 46.Ke5 Kd7 47.d6 Ke8 
48.Ke6 Kd8 49.d7 b5 50.cxb5 c4 51.bxc4 1-0

[Event "Africa-ch U20 (open)"]
[Site "Entebbe UGA"]
[Date "2019.01.04"]
[Round "8.7"]
[White "Mwangi, John Milton Kihara"]
[Black "Abdullahi, Hassan Ali"]
[Result "1-0"]
[WhiteElo "1679"]
[BlackElo "1492"]
[EventDate "2018.12.29"]
[PlyCount "49"]

1.d4 e6 2.Nf3 Be7 3.c4 Nf6 4.Nc3 c6 5.e4 d6 6.Bd3 h6 7.O-O O-O 8.Qe2 Na6 
9.e5 dxe5 10.dxe5 Nh7 11.Rd1 Qc7 12.Qe4 f6 13.exf6 Nxf6 14.Qg6 Rf7 15.Bxh6
Kf8 16.Ng5 Bb4 17.Bxg7+ Rxg7 18.Qxf6+ Rf7 19.Qh8+ Ke7 20.Nxf7 Kxf7 21.Bh7 
Bxc3 22.bxc3 b6 23.Qg8+ Kf6 24.Qg6+ Ke7 25.Qg7+ 1-0

[Event "Africa-ch U20 (open)"]
[Site "Entebbe UGA"]
[Date "2019.01.04"]
[Round "8.8"]
[White "Ssenkoole, Laurrice Talemwa"]
[Black "Kanyike, Victor"]
[Result "0-1"]
[WhiteElo "1538"]
[BlackElo "1592"]
[EventDate "2018.12.29"]
[PlyCount "72"]

1.e4 c5 2.Nf3 e6 3.d4 cxd4 4.Nxd4 Nf6 5.Bd3 a6 6.Nc3 Qc7 7.a3 Nc6 8.Nxc6 
bxc6 9.f4 d6 10.Be3 Be7 11.O-O Rb8 12.Rb1 c5 13.Qf3 O-O 14.Qe2 a5 15.Nb5 
Qd7 16.e5 dxe5 17.fxe5 Nd5 18.Bxh7+ Kxh7 19.Qh5+ Kg8 20.Rf3 f5 21.Rh3 Nf6 
22.exf6 Bxf6 23.Bxc5 Be7 24.Bxe7 Qxe7 25.c4 Ba6 26.a4 Rfd8 27.b3 Rb7 28.
Rd1 Rbd7 29.Rxd7 Qxd7 30.Qe2 Bb7 31.Re3 Kf7 32.Kf2 f4 33.Re5 Qe7 34.Nc3 
Qb4 35.Rb5 Qxc3 36.Rxb7+ Kf8 0-1

[Event "Africa-ch U20 (open)"]
[Site "Entebbe UGA"]
[Date "2019.01.05"]
[Round "9.1"]
[White "Fawzy, Adham"]
[Black "Musasizi, Emmanuel"]
[Result "1-0"]
[WhiteElo "2436"]
[BlackElo "1918"]
[EventDate "2018.12.29"]
[PlyCount "63"]

1.e4 c5 2.Nf3 d6 3.d4 cxd4 4.Nxd4 Nf6 5.Nc3 a6 6.Bg5 e5 7.Nf5 Be6 8.Bxf6 
gxf6 9.Nd5 Nc6 10.c3 h5 11.Qf3 Bxd5 12.exd5 Ne7 13.Ng3 h4 14.Nh5 Ng8 15.
Bd3 Kd7 16.g3 hxg3 17.hxg3 Bh6 18.g4 Bg5 19.Ke2 Qb6 20.b4 Qc7 21.Ng3 Nh6 
22.Ne4 Ke7 23.c4 b6 24.c5 bxc5 25.bxc5 Qd7 26.cxd6+ Kf8 27.Nxg5 fxg5 28.
Qf6 Qxg4+ 29.Kf1 Ng8 30.Rxh8 Qh3+ 31.Rxh3 Nxf6 32.Rh8+ 1-0

[Event "Africa-ch U20 (open)"]
[Site "Entebbe UGA"]
[Date "2019.01.05"]
[Round "9.2"]
[White "Masiya, Mfundo"]
[Black "Igwubor, Kikosem"]
[Result "0-1"]
[WhiteElo "1952"]
[BlackElo "2108"]
[EventDate "2018.12.29"]
[PlyCount "60"]

1.e4 c5 2.c3 d5 3.exd5 Qxd5 4.d4 g6 5.Nf3 Bg7 6.Be3 cxd4 7.cxd4 Nf6 8.Nc3 
Qa5 9.Bc4 O-O 10.O-O a6 11.Re1 b5 12.Bb3 Bb7 13.Bg5 e6 14.Ne5 Nbd7 15.h4 
Rfe8 16.Re3 Rad8 17.Qe2 Qb6 18.Re1 Nf8 19.d5 exd5 20.h5 Ne6 21.hxg6 hxg6 
22.Bxf6 Bxf6 23.Nxg6 d4 24.Rxe6 Rxe6 25.Bxe6 Qxe6 26.Qxe6 fxe6 27.Rxe6 
dxc3 28.bxc3 Bxc3 29.Rb6 Rd7 30.f4 Bd4+ 0-1

[Event "Africa-ch U20 (open)"]
[Site "Entebbe UGA"]
[Date "2019.01.05"]
[Round "9.3"]
[White "Noreseb, Dudley"]
[Black "Djabri, Massinas"]
[Result "0-1"]
[WhiteElo "1684"]
[BlackElo "2063"]
[EventDate "2018.12.29"]
[PlyCount "65"]

1.e4 c5 2.Nf3 d6 3.d4 cxd4 4.Nxd4 Nf6 5.Nc3 a6 6.Be2 e5 7.Nf3 Be7 8.Bg5 
Nbd7 9.a4 b6 10.Nd2 Bb7 11.Bf3 Rc8 12.O-O O-O 13.Re1 Qc7 14.Nf1 h6 15.Bxf6
Nxf6 16.Ne3 g6 17.Rc1 Qc5 18.Ned5 Nxd5 19.Nxd5 Bxd5 20.Qxd5 Qxd5 21.exd5 
Bg5 22.Rb1 Rxc2 23.Be2 a5 24.b3 Bd2 25.Red1 Bb4 26.Kf1 Rfc8 27.Bd3 Ra2 28.
Ra1 Rxa1 29.Rxa1 Rc3 30.Bc4 Rc2 31.Bd3 Rd2 32.Bc4 Bc5 33.Be2 0-1

[Event "Africa-ch U20 (open)"]
[Site "Entebbe UGA"]
[Date "2019.01.05"]
[Round "9.4"]
[White "Mlahleki, Vusimuzi"]
[Black "Mwangi, John Milton Kihara"]
[Result "1-0"]
[WhiteElo "2055"]
[BlackElo "1679"]
[EventDate "2018.12.29"]
[PlyCount "31"]

1.e4 c5 2.Nc3 e6 3.g3 d5 4.exd5 exd5 5.d4 Be6 6.Nf3 h6 7.Be3 c4 8.Bg2 Nf6 
9.O-O Nc6 10.Ne5 Bd6 11.f4 Bxe5 12.dxe5 Ng4 13.Bd4 Nxd4 14.Qxd4 Qb6 15.
Qxb6 axb6 16.f5 1-0

[Event "Africa-ch U20 (open)"]
[Site "Entebbe UGA"]
[Date "2019.01.05"]
[Round "9.5"]
[White "Abdullahi, Hassan Ali"]
[Black "Kato, Richard"]
[Result "0-1"]
[WhiteElo "1492"]
[BlackElo "1903"]
[EventDate "2018.12.29"]
[PlyCount "66"]

1.e4 d6 2.d4 Nf6 3.Nc3 g6 4.Nf3 Bg7 5.Bd3 Nc6 6.a3 O-O 7.O-O e5 8.dxe5 
dxe5 9.h3 a6 10.Bg5 Be6 11.Qd2 Qd7 12.Bh6 Rfd8 13.Bxg7 Kxg7 14.Qg5 h6 15.
Qe3 Qe7 16.Rad1 Nh5 17.Ne2 Rd7 18.g4 Nf6 19.Kg2 Rad8 20.Ng3 Nh7 21.Nh2 Bc4
22.f4 exf4 23.Rxf4 Ne5 24.Nf3 Nxd3 25.cxd3 Rxd3 26.Rxd3 Rxd3 27.Qc1 Be6 
28.h4 Kg8 29.Ne5 Rb3 30.h5 g5 31.Rf3 Rxf3 32.Kxf3 Qf6+ 33.Nf5 Qxe5 0-1

[Event "Africa-ch U20 (open)"]
[Site "Entebbe UGA"]
[Date "2019.01.05"]
[Round "9.6"]
[White "Bitarinsa, Arthur"]
[Black "Nyaga, James Kabui"]
[Result "0-1"]
[WhiteElo "1742"]
[BlackElo "1767"]
[EventDate "2018.12.29"]
[PlyCount "90"]

1.Nf3 Nf6 2.g3 b6 3.Bg2 Bb7 4.d4 e6 5.O-O Be7 6.Nbd2 d5 7.Re1 Nbd7 8.b3 c5
9.Bb2 O-O 10.c4 Ne4 11.Qc2 f5 12.Ne5 Nxe5 13.dxe5 Qc7 14.cxd5 exd5 15.f3 
Ng5 16.h4 Ne6 17.e4 fxe4 18.fxe4 d4 19.Qc4 Qxe5 20.Rf1 Kh8 21.Nf3 Qd6 22.
Rae1 Nc7 23.e5 Qd5 24.Qe2 Ba6 25.Nd2 Bxe2 26.Rxf8+ Rxf8 27.Bxd5 Nxd5 28.
Rxe2 Ne3 29.Bc1 g5 30.hxg5 Bxg5 31.Re1 Nc2 32.Rf1 Be3+ 33.Kg2 Kg7 34.Rxf8 
Kxf8 35.Kf3 Kf7 36.Ke2 Ke6 37.Kd1 Nb4 38.Ba3 Nxa2 39.Nc4 Nc3+ 40.Kc2 Bf2 
41.g4 Nd5 42.Kd3 Ne3 43.Ke4 Nxc4 44.bxc4 Bg3 45.Bb2 Bxe5 0-1

[Event "Africa-ch U20 (open)"]
[Site "Entebbe UGA"]
[Date "2019.01.05"]
[Round "9.8"]
[White "Matovu, Abel"]
[Black "Ssenkoole, Laurrice Talemwa"]
[Result "1-0"]
[WhiteElo "1960"]
[BlackElo "1538"]
[EventDate "2018.12.29"]
[PlyCount "41"]

1.e4 d6 2.Nc3 Nf6 3.d4 e5 4.dxe5 dxe5 5.Qxd8+ Kxd8 6.Nf3 Bd6 7.Bc4 Be6 8.
Bxe6 fxe6 9.Be3 Nc6 10.O-O-O a6 11.Rd3 Ke7 12.Rhd1 Rad8 13.a3 h6 14.h3 Na5
15.Nh4 Rhe8 16.Ng6+ Kf7 17.Nxe5+ Ke7 18.Ng6+ Kf7 19.e5 Kxg6 20.exd6 cxd6 
21.Bb6 1-0